00453nam a2200169Ia 450000500170000000800410001702000200005804100080007808200130008610000110009924500820011026000380019230000090023050000170023965000160025670000110027220230401141158.0230125s9999 xx 000 0 und d a978-81-321-1343 aeng a330bKAU aKaul V aEasy Money Evolution of the Global Financial System to the Great Bubble Burst c2014bSage publicationaNew Delhi a325p aEconomics  aEconomics  aKaul V